Bandeiras de Capitais Nacionais I - Statistics

Estatísticas Gerais
  • Esse quiz foi jogado 21 vezes
  • A pontuação média é 5 de 16
Estatísticas das Respostas
Imagem Resposta % Correto
Brasília
93%
Berlim
57%
Amsterdã
50%
Jerusalém
50%
Madri
43%
Tóquio
43%
Dublin
36%
Moscou
36%
Paris
29%
Bucareste
21%
Buenos Aires
14%
Cairo
14%
Quieve
14%
Cidade do México
7%
Helsinque
7%
Lima
7%
Nenhum quiz correspondente encontrado
Distribuição das Pontuações
Porcentagem de Pessoas com Cada Pontuação
Percentil de Números Respondidos
Sua Pontuação Histórica
Você não jogou esse quiz